Cartoon Characters Quiz Stats

Quiz not verified by Sporcle

Challenge
Share
Tweet
Embed
Score 0/20 Timer 05:00
0 Plays Today
Personality Cartoon % Correct
Ain't I A StinkerBugs Bunny
72.7%
Leader Of The SmurfsPapa Smurf
72.7%
I Got Framed For MurderRoger Rabbit
68.2%
I Steal Picnic BasketsYogi Bear
59.1%
I Am A Orange MooseBullwinkle
54.5%
That's All FolksPorky Pig
54.5%
I wear A Green Jumper And A ChipmunkTheodore
54.5%
I am A flying SquirrelRocky
50%
Azrael, Are You Dead?Gargamel
45.5%
I Was A Creation Of GargamelSmurfette
45.5%
Personality Cartoon % Correct
I Am Married To A Rabbit, I am a Human ToonJessica Rabbit
45.5%
I was A Toon In DisguiseJudge Doom
27.3%
Dictator Of Pottsylvania Fearless Leader
23.5%
D'ohHomer Simpson
22.2%
No Yogi, Mr. Ranger Won't Like That!Boo Boo
22.2%
I Was Created By Walter LantzWoody Woodpecker
22.2%
I Am Blue And Like Too SleepLazy Smurf
17.6%
In Who Framed Roger Rabbit, when Roger asks is it him, he says some else's name Benny The Cab
11.1%
ALVINNNNNNNNNNN!!!!!!!!!!!!!!Dave Seville
11.1%
I Am Aussie From Looney TunesTasmanian Devil
11.1%

You're not logged in!

Compare scores with friends on all Sporcle quizzes.
Sign Up with Email
OR
Log In

You Might Also Like...

Show Comments

Extras

Top Quizzes Today


Score Distribution

Your Account Isn't Verified!

In order to create a playlist on Sporcle, you need to verify the email address you used during registration. Go to your Sporcle Settings to finish the process.

Report this User

Report this user for behavior that violates our Community Guidelines.

Details: